| 000 | 00503nam a2200193 a 4500 | ||
|---|---|---|---|
| 001 | 10168 | ||
| 003 | CO-ViMGA | ||
| 008 | 141112s2004 ck r 000 u spa d | ||
| 020 | _a8474234913 | ||
| 040 |
_aCO-ViMGA _bspa _cCO-ViMGA |
||
| 082 | 0 | 4 | _a951 G37m |
| 100 | 1 |
_aGernet ; Jacques, _913110 |
|
| 245 | 1 | 0 | _aEl Mundo Chino |
| 260 |
_aBarcelona : _bEditorial Critica, _c1991 |
||
| 300 | _a714p. : il. | ||
| 650 | 1 | 4 | _aCHINA - HISTORIA |
| 650 | 1 | 4 |
_aCHINA PolĂtica Y GOBIERNO _913111 |
| 942 |
_2ddc _cBK |
||
| 999 |
_c21541 _d21541 |
||